سلطان الأسطورة / (Record no. 15805)
[ view plain ]
| 000 -الفاتح | |
|---|---|
| حقل البيانات ثابتة الطول | 01162nam a22002417a 4500 |
| 008 - عناصر البيانات ثابتة الطول - معلومات عامة | |
| حقل البيانات ثابتة الطول | 110810s2002 ua||||| |||| 00| 0 ara d |
| 082 ## - رقم تصنيف ديوى العشرى | |
| رقم الطبعة | 22 |
| رقم التصنيف | 291.13 |
| رقم المادة | ك ا م |
| 100 1# - المدخل الرئيسى - إسم شخصى | |
| 9 (RLIN) | 26636 |
| الإسم الشخصى | كامبل ، جوزيف |
| 245 ## - بيان العنوان | |
| العنوان | سلطان الأسطورة / |
| بيان المسئوليه,etc | جوزيف كامبل ، بيل مويرز ؛ تحرير بتى سوفلاورز ؛ ترجمة بدر الديب |
| 260 ## - PUBLICATION, DISTRIBUTION, ETC. (IMPRINT) | |
| مكان الناشر او الموزع | القاهرة : |
| اسم الناشر او الموزع | المجلس الأعلى للثقافة ، |
| تاريخ النشر أو التوزيع | 2002. |
| 300 ## - الوصف المادى | |
| التعداد | 352 ص ؛ |
| أبعاد الوعاء | 24 سم. |
| 490 #0 - بيان السلسلة | |
| -- | 21233 |
| عنوان السلسلة | المشروع القومى للترجمة |
| -- | 362 |
| 504 ## - تبصرة ببليوجرافية | |
| تبصرة ببليوجرافية,الخ | يشتمل على إرجاعات ببليوجرافية |
| 650 ## - المدخل الاضافى بالموضوع-مصطلح موضوعى | |
| 9 (RLIN) | 26640 |
| مصطلح موضوعي أو اسم جغرافي كعنصر مدخل | الاساطير |
| 650 ## - المدخل الاضافى بالموضوع-مصطلح موضوعى | |
| 9 (RLIN) | 26641 |
| مصطلح موضوعي أو اسم جغرافي كعنصر مدخل | الاساطير الدينية |
| 650 ## - المدخل الاضافى بالموضوع-مصطلح موضوعى | |
| 9 (RLIN) | 26642 |
| مصطلح موضوعي أو اسم جغرافي كعنصر مدخل | المؤرخون الامريكيون |
| التقسيم الفرعي العام | مقابلات |
| 653 ## - مصطلح تكشيفى غير مقيد | |
| Resource For college | |
| Arrived date list | August2011 |
| 700 ## - المدخل الاضافى - اسم شخصى | |
| 9 (RLIN) | 26637 |
| الإسم الشخصى | مويرز ، بيل |
| 700 ## - المدخل الاضافى - اسم شخصى | |
| 9 (RLIN) | 26638 |
| الإسم الشخصى | سوفلاورز ، بتى |
| الدور | تحرير |
| 700 ## - المدخل الاضافى - اسم شخصى | |
| 9 (RLIN) | 26639 |
| الإسم الشخصى | الديب ، بدر |
| الدور | ترجمة |
| 942 ## - عناصر المدخل الإضافي( كوها) | |
| مصدر التصنيف او مخطط الترفيف | Dewey Decimal Classification |
| Koha [default] item type | Book - Borrowing |
| حالة التراجع | حالة الفقد | مصدر التصنيف او خطة الترفيف | حالة تلف | ليس للاعارة | مجموعات كوها | المكان الدائم | المكان الحالي | موقع الترفيف | تاريخ الاكتساب | رقم الاستدعاء | الباركود | Date last seen | نوع الوعاء |
|---|---|---|---|---|---|---|---|---|---|---|---|---|---|
| Dewey Decimal Classification | Alef-Baa | Central Library | Central Library | Lower Floor | 10/08/2011 | 291.13 ك ا م | 000023957 | 15/07/2025 | Book - Borrowing |